Pingulala General Knowledge 4 (Normal) - Statistics

General Stats
  • This quiz has been taken 13 times
  • The average score is 12 of 20
Answer Stats
Hint Answer % Correct
What was the name of the ancient Egyptian sun god? Ra
92%
What city is known as "The Eternal City"? Rome
92%
How many ghosts chase Pac-Man at the start of each game? 4
85%
How many colors are used in the South African flag? 6
85%
What was the name of the crime boss who was head of the feared Chicago Outfit? Al Capone
85%
Prague is the capital of which country? Czech Republic
85%
Where will the 2024 Summer Olympics take place? Paris
85%
Which of the following sauces is NOT traditionally vegan: hoisin, Worcestershire, mustard, or wasabi? Worcestershire
85%
Which is the only continent with land in all four hemispheres? Africa
77%
Which planet has the most moons? Saturn
77%
What is the name of the world's first artificial satellite? Sputnik 1
69%
What sporting event has a strict dress code of all white? Wimbledon
62%
Who played the title role in 1982’s Blade Runner? Harrison Ford
54%
What famous cathedral was designed by Antoni Gaudí? La Sagrada Familia
54%
Mickey Mouse was originally named what? Mortimer Mouse
38%
Who sang the James Bond theme song ‘Diamonds are Forever’? Shirley Bassey
38%
How many elements are in the periodic table? 118
31%
What is the loudest animal on Earth? Sperm whale
31%
What is the primary ingredient in the Italian dessert tiramisu? Mascarpone cheese
23%
What was the name of the first computer virus? Creeper
0%
No matching quizzes found
Score Distribution
Percent of People with Each Score
Percentile by Number Answered
Your Score History
You have not taken this quiz